Statistics for Largest Countries by Letter with Exceptions

Click here to take the quiz!

General Stats

  • This quiz has been taken 191 times
    (172 since last reset)
  • The average score is 18 of 23

Answer Stats

HintAnswer% Correct
BBrazil
93%
OOman
90%
YYemen
90%
QQatar
88%
ZZimbabwe
87%
FFrance
85%
GGermany
83%
JJapan
83%
KKazakhstan
83%
UUnited States
83%
AAfghanistan
82%
NNiger
79%
TTurkey
79%
VVietnam
79%
DDemocratic Republic of the Congo
78%
IIran
78%
MMexico
77%
EEgypt
74%
HHonduras
73%
PPeru
73%
CChad
68%
SSudan
67%
LLaos
65%

Score Distribution

Percentile by Number Answered

Percent of People with Each Score

Your Score History

You have not taken this quiz since the last reset